Synopsis der Fische des Rothen Meeres, Vol. 1 : (Record no. 592571)

MARC details
000 -LEADER
fixed length control field 00526nam a2200193 a 4500
008 - FIXED-LENGTH DATA ELEMENTS--GENERAL INFORMATION
fixed length control field 251022s2018##################000#0#eng##
020 ## - INTERNATIONAL STANDARD BOOK NUMBER
ISBN 9780428331009
082 04 - DEWEY DECIMAL CLASSIFICATION NUMBER
Classification number 597.0926
Item number KLU
100 1# - MAIN ENTRY--AUTHOR NAME
Personal name Klunzinger, Karl Benjamin,
245 10 - TITLE STATEMENT
Title Synopsis der Fische des Rothen Meeres, Vol. 1 :
260 ## - PUBLICATION, DISTRIBUTION, ETC. (IMPRINT)
Name of publisher Forgotten Books,
Year of publication 2018.
300 ## - PHYSICAL DESCRIPTION
Number of Pages 434 pages
650 #0 - SUBJECT ADDED ENTRY--TOPICAL TERM
Topical Term Science.
942 ## - ADDED ENTRY ELEMENTS (KOHA)
Koha item type English Books
Holdings
Withdrawn status Lost status Damaged status Not for loan Home library Current library Shelving location Date acquired Full call number Accession Number Price effective from Koha item type
        Anna Centenary Library Anna Centenary Library 5TH FLOOR, B WING 22.10.2025 597.0926 KLU 172548 22.10.2025 English Books

Find us on the map